Microprocessors and microcontrollers / (Record no. 193038)

MARC details
000 -LEADER
fixed length control field 00881cam a2200265 i 4500
003 - CONTROL NUMBER IDENTIFIER
control field MY-SjTCS
005 - DATE AND TIME OF LATEST TRANSACTION
control field 20260204131759.0
008 - FIXED-LENGTH DATA ELEMENTS--GENERAL INFORMATION
fixed length control field 251201s2021 ii a|||| |||| 000 0 eng d
020 ## - INTERNATIONAL STANDARD BOOK NUMBER
International Standard Book Number 9789333221948
Qualifying information paperback
040 ## - CATALOGING SOURCE
Original cataloging agency MY-SjTCS
Language of cataloging eng
Transcribing agency MY-SjTCS
Description conventions rda
Modifying agency MY-SjTCS
082 04 - DEWEY DECIMAL CLASSIFICATION NUMBER
Classification number 621.3916
Item number GOD 2021
100 1# - MAIN ENTRY--PERSONAL NAME
Personal name Godse, Atul P.
Relator term author.
9 (RLIN) 308993
245 10 - TITLE STATEMENT
Title Microprocessors and microcontrollers /
Statement of responsibility, etc. Atul P. Godse, Deepali A. Godse.
250 ## - EDITION STATEMENT
Edition statement First edition.
264 #1 - PRODUCTION, PUBLICATION, DISTRIBUTION, MANUFACTURE, AND COPYRIGHT NOTICE
Place of production, publication, distribution, manufacture Pune, India :
Name of producer, publisher, distributor, manufacturer Technical Publications,
Date of production, publication, distribution, manufacture, or copyright notice [2021]
264 #4 - PRODUCTION, PUBLICATION, DISTRIBUTION, MANUFACTURE, AND COPYRIGHT NOTICE
Date of production, publication, distribution, manufacture, or copyright notice ©2021
300 ## - PHYSICAL DESCRIPTION
Extent xxii, various pagings :
Other physical details illustrations ;
Dimensions 25 cm
336 ## - CONTENT TYPE
Content type term text
Source rdacontent
337 ## - MEDIA TYPE
Media type term unmediated
Source rdamedia
338 ## - CARRIER TYPE
Carrier type term volume
Source rdacarrier
650 #0 - SUBJECT ADDED ENTRY--TOPICAL TERM
Topical term or geographic name entry element Microprocessors
9 (RLIN) 2287
650 #0 - SUBJECT ADDED ENTRY--TOPICAL TERM
Topical term or geographic name entry element Microcontrollers
9 (RLIN) 242851
700 1# - ADDED ENTRY--PERSONAL NAME
Personal name Godse, Deepali A.
Relator term author.
9 (RLIN) 308995
920 ## - Programme
Programme SOE : 339715, 339716
Holdings
Withdrawn status Lost status Source of classification or shelving scheme Damaged status Not for loan Home library Current library Date acquired Source of acquisition Cost, normal purchase price Inventory number Total Checkouts Barcode Date last seen Uniform Resource Identifier Cost, replacement price Price effective from Koha item type Public note
    Dewey Decimal Classification     Taylor's Library-TU Taylor's Library-TU 26/11/2025 42 257.15 TU700001874   5000179936 26/11/2025 Floor 2, Shelf 1 , Side 2, TierNo 4, BayNo 8 257.15 26/11/2025 Reserve Collection SOExx,92625,03,RM
    Dewey Decimal Classification     Taylor's Library-TU Taylor's Library-TU 26/11/2025 42 257.15 TU700001874   5000179937 26/11/2025 Floor 4, Shelf 19 , Side 2, TierNo 3, BayNo 4 257.15 26/11/2025 Main Collection SOExx,92625,03,RM